Multiple Choice State Quiz – Arizona - Statistics

General Stats
  • This quiz has been taken 33 times
    32 since last reset
  • The average score is 8 of 10
Answer Stats
Question Answer % Correct
What state borders Arizona? Nevada
100%
The Grand Canyon is on which river? Colorado River
96%
What is the capital of Arizona? Phoenix
96%
Arizona is one of four states on the Four Corners. If you stood directly on the Four Corners, which direction leads to Arizona? Southwest
96%
The largest Indian reservation lies here. What's the name? Navajo Nation
92%
What is the flag of Arizona?
85%
Arizona is one of 2 states that what? don't observe Daylight Savings Time.
85%
Why did the Gadsden Purchase happen? They wanted to make a railroad.
69%
Arizona's Nickname is, "The Valentine State". Why so? Arizona became a state on the same day as Valentine's Day.
65%
What is Arizona's nickname? Both of the above.
42%
No matching quizzes found
Score Distribution
Percent of People with Each Score
Percentile by Number Answered
Your Score History
You have not taken this quiz since the last reset